000 00801nam a22002175a 4500
003 OSt
005 20170320114948.0
008 170313s1997 xx frb 000 0 ara d
015 _a97 / 10266
040 _aEG-ScBUE
_bara
_cEG-ScBUE
043 _af-ua---
082 0 4 _a346.62043
_bج م ي
_222
100 1 _aجميعي، حسن عبد الباسط.
245 1 2 _aالتعامل على الوحدات العقارية بنظام المشاركة في الوقت Time share /
_cحسن عبد الباسط جميعي.
260 _a[د. م. :
_bد. ن.]،
_c1997.
300 _a179 ص. ؛
_c24 سم.
504 _aيشتمل على إرجاعات ببليوجرافية.
650 7 _2BUEsh
_aالعقارات
_xقوانين وتشريعات
_zمصر.
653 _bLLAAWW
_cMarch2017
942 _2ddc
999 _c24482
_d24454